• 首页
  • 本馆介绍
  • 公告通知
  • 最新文献
  • 馆藏检索
  • 电子资源
  • 读者导购
  • 参考咨询
  • 我的图书馆
  • 登录
  • 详细信息显示
  • 放入我的书架
  • 预约/预借图书
  • 作者相关作品
  • 分类相关作品
  • 丛书相关作品
  • 出版社相关作品

书目信息

  • 表格格式
  • 工作单格式
  • 卡片格式
题名:
铸造车间设计原理
    
 
作者: 王延久
分册:  
出版信息: 北京   机械工业出版社  1984.10
页数: 235页
开本: 19cm
丛书名:
单 册:
中图分类: TG29
科图分类:
主题词: 有色金属--铸造
电子资源:
ISBN: 7-111-02618-7
000 00530nam0 2200193 45
001 0308271048
005 20030827104430.2
010    @a7-111-02618-7@dRMB1.60
100    @a20030827d1984 km y0chiy0120 ea
101    @achi
105    @a z 000yy
200 1  @a铸造车间设计原理@Azhu zao che jian she ji yuan li@f王延久@Fwang yan jiu
210    @a北京@c机械工业出版社@d1984.10
215    @a235页@c无图表@d19cm
606 0  @a有色金属@x铸造
690    @aTG29@v3
701  0 @a王延久
801    @aCN@b@c20030827
905    @aBZT@dTG29@e2
    
    铸造车间设计原理/王延久.-北京:机械工业出版社,1984.10
    235页:无图表;19cm
    
    
    ISBN 7-111-02618-7:RMB1.60
    
●
相关链接 在五车中查询图书 在当当中查询图书 在豆瓣中查询图书


正题名:铸造车间设计原理     索取号:TG29/2         预约/预借

序号 登录号 条形码 馆藏地/架位号 状态 备注
1 2028   200312116   中心书库中库/ 中库030架B面6列7层43/ [索取号:TG29/2] 在馆    
2 2530   200294706   中心书库中库/ 中库030架B面6列7层42/ [索取号:TG29/2] 在馆    
3 2539   200294680   中心书库中库/ 中库030架B面6列7层41/ [索取号:TG29/2] 在馆    
山东省滨州职业学院图书馆 欢迎您!
大连网信软件有限公司© 版权所有